Los Angeles Metro rail station or not? Quiz Stats

 Plays Quiz not verified by Sporcle

Challenge
Share
Tweet
Embed
Score 0/93 Timer 12:00
0 Plays Today
% Correct
Expo|Bundy
91.7%
Downtown Santa Monica
91.7%
103rd Street|Watts Towers
89.9%
Aviation|LAX
86.5%
7th Street|Metro Center
84.3%
Palms
83.3%
Expo|Sepulveda
83.3%
26th Street|Bergamot
83.3%
Downtown Azusa
83.3%
Hollywood|Highland
83.1%
Downtown Long Beach
82%
Expo|Crenshaw
82%
Hollywood|Vine
80.9%
Little Tokyo|Arts District
80.9%
Culver City
80.9%
Artesia
79.8%
North Hollywood
79.8%
Expo|Vermont
79.8%
Pershing Square
78.7%
Expo Park|USC
78.7%
Civic Center|Grand Park
77.5%
Universal City|Studio City
77.5%
East LA Civic Center
77.5%
Florence
76.4%
Union Station
76.4%
Westlake|MacArthur Park
76.4%
Wilshire|Western
76.4%
Vermont|Santa Monica
76.4%
Hollywood|Western
76.4%
Avalon
76.4%
Compton
75.3%
% Correct
17th Street|Santa Monica College
75%
Duarte|City of Hope
75%
Wilshire|Vermont
74.2%
Long Beach Blvd
74.2%
Del Mar
74.2%
LATTC|Ortho Institute
74.2%
Jefferson|USC
74.2%
Firestone
73%
Vermont|Sunset
73%
Atlantic
73%
Norwalk
73%
La Cienega|Jefferson
73%
San Pedro St
71.9%
Del Amo
71.9%
Crenshaw
71.9%
Pico
70.8%
Anaheim St
70.8%
Wilshire|Normandie
70.8%
Redondo Beach
70.8%
Sierra Madre Villa
70.8%
Pacific Coast Highway
69.7%
Heritage Square
69.7%
Expo|Western
69.7%
Harbor Freeway
68.5%
Pico|Aliso
68.5%
Chinatown
68.5%
Slauson
67.4%
Mariachi Plaza
67.4%
Washington
66.3%
Willow St
66.3%
South Pasadena
66.3%
% Correct
Farmdale
66.3%
Willowbrook
65.2%
Vermont|Beverly
65.2%
Hawthorne|Lennox
65.2%
Grand|LATTC
64%
Wardlow
64%
Lakewood Blvd
64%
El Segundo
64%
Highland Park
64%
Soto
61.8%
Lincoln|Cypress
61.8%
Memorial Park
60.7%
Southwest Museum
58.4%
Westwood|Rancho Park
58.3%
APU|Citrus College
58.3%
Mariposa
57.3%
1st Street
56.2%
Vernon
55.1%
Vermont|Athens
55.1%
Douglas
55.1%
Allen
55.1%
5th Street
53.9%
Pacific
53.9%
Maravilla
52.8%
Fillmore
52.8%
Indiana
50.6%
Arcadia
50%
Monrovia
50%
Lake
49.4%
La Brea
47.2%
Irwindale
41.7%

You're not logged in!

Compare scores with friends on all Sporcle quizzes.
OR
Log In

You Might Also Like...

Show Comments

Extras

Top Quizzes Today


Score Distribution

Your Account Isn't Verified!

In order to create a playlist on Sporcle, you need to verify the email address you used during registration. Go to your Sporcle Settings to finish the process.

Report this User

Report this user for behavior that violates our Community Guidelines.

Details: